Recerca educativa i recursos didàctics per a l'ensenyament : activitats realitzades en el marc dels I.C.E. de les tres universitats catalanes activitats realitzades en el marc dels I.C.E. de les tres universitats catalanes
Descripción Física:
184 p. ; 24 cm
Materias:
Ensenyament
MARC
| LEADER | 00000nam a2200000Ia 4500 | ||
|---|---|---|---|
| 001 | 598 | ||
| 008 | 160829s1982 xx 000 0 cat d | ||
| 080 | |a E-1-49 | ||
| 245 | |a Recerca educativa i recursos didàctics per a l'ensenyament : |b activitats realitzades en el marc dels I.C.E. de les tres universitats catalanes | ||
| 260 | |a Barcelona : |b Generalitat de Catalunya, Departament d'Ensenyament, |c 1982 | ||
| 300 | |a 184 p. ; |c 24 cm | ||
| 650 | |a Ensenyament |9 22046 | ||
| 710 | |a Catalunya. |b Departament d'Ensenyament |9 52899 | ||
| 901 | |a Arxiu | ||
| 942 | |n 1 | ||
| 952 | |0 0 |1 0 |4 0 |6 E149 |7 1 |9 42028 |a Arxiu |b Arxiu |d 2016-12-01 |l 0 |o E-1-49 |p 598 |r 2016-12-01 00:00:00 |w 2016-12-01 |y ARXIU | ||
| 999 | |c 44475 |d 44475 | ||